|
|
|
|
| LEADER |
00000nam0a2200000 4500 |
| 001 |
267301 |
| 005 |
20231101234054.0 |
| 020 |
|
|
|a RU
|b 86-98064
|
| 035 |
|
|
|a (RuTPU)RU\TPU\book\290357
|
| 090 |
|
|
|a 267301
|
| 100 |
|
|
|a 20140725d1986 k y0rusy5003 ca
|
| 101 |
0 |
|
|a rus
|
| 102 |
|
|
|a UZ
|
| 105 |
|
|
|a a z 000zy
|
| 200 |
1 |
|
|a Папское землетрясение 1984 г.
|f Академия наук Узбекской ССР (АН УзССР), Институт сейсмологии ; под ред. Г. Ю. Азизова, В. Г. Гафурова
|
| 210 |
|
|
|a Ташкент
|c Фан
|d 1986
|
| 215 |
|
|
|a 135 с.
|c ил., карт.
|
| 320 |
|
|
|a Библиогр.: с. 84-87 (69 назв.)
|
| 606 |
1 |
|
|a Землетрясения
|2 stltpush
|3 (RuTPU)RU\TPU\subj\11717
|9 38626
|
| 610 |
1 |
|
|a Узбекистан
|
| 610 |
1 |
|
|a сейсмологическое районирование
|
| 610 |
1 |
|
|a очаги
|
| 610 |
1 |
|
|a разрушения
|
| 610 |
1 |
|
|a деформации
|
| 610 |
1 |
|
|a прогнозирование
|
| 675 |
|
|
|a 550.348.436
|z rus
|v 3
|
| 702 |
|
1 |
|a Азизов
|b Г. Ю.
|g Гайрат Юнусович
|4 340
|
| 702 |
|
1 |
|a Гафуров
|b В. Г.
|g Вали Гафурович
|4 340
|
| 712 |
0 |
2 |
|a Академия наук Узбекской ССР (АН УзССР)
|b Институт сейсмологии
|2 stltpush
|3 (RuTPU)RU\TPU\col\12809
|
| 801 |
|
0 |
|a RU
|b RuMRKP
|c 19960705
|g psbo
|
| 801 |
|
1 |
|a RU
|b 63413507
|c 20140725
|
| 801 |
|
2 |
|a RU
|b 63413507
|c 20160907
|g RCR
|
| 942 |
|
|
|c BK
|